College Football Bowl Games (2024-2025) - Statistics

General Stats
  • This quiz has been taken 289 times
  • The average score is 22 of 42
Answer Stats
Answer % Correct
Rose Bowl Game presented by Prudential
90%
Chick-Fil-A Peach Bowl
86%
Goodyear Cotton Bowl Classic
86%
Capital One Orange Bowl
84%
LA Bowl Hosted by Gronk
83%
Allstate Sugar Bowl
80%
Vrbo Fiesta Bowl
75%
Tony the Tiger Sun Bowl
71%
Cheez-It Citrus Bowl
66%
Hawai‘i Bowl
65%
Valero Alamo Bowl
63%
Famous Idaho Potato Bowl
62%
Bad Boy Mowers Pinstripe Bowl
61%
Bahamas Bowl
60%
Wasabi Fenway Bowl
58%
Pop-Tarts Bowl
57%
SRS Distribution Las Vegas Bowl
56%
TransPerfect Music City Bowl
55%
AutoZone Liberty Bowl
54%
TaxSlayer Gator Bowl
54%
Birmingham Bowl
51%
Radiance Technologies Independence Bowl
51%
Isleta New Mexico Bowl
49%
Texas Bowl
48%
Boca Raton Bowl
47%
Duke's Mayo Bowl
47%
Lockheed Martin Armed Forces Bowl
47%
Scooter’s Coffee Frisco Bowl
46%
Snoop Dogg Arizona Bowl, presented by Gin & Juice by Dre and Snoop
46%
Go Bowling Military Bowl
42%
DIRECTV Holiday Bowl
41%
R+L Carriers New Orleans Bowl
40%
Cricket Celebration Bowl
35%
Myrtle Beach Bowl
33%
Union Home Mortgage Gasparilla Bowl
32%
StaffDNA Cure Bowl
31%
ReliaQuest Bowl
28%
Detroit Bowl
24%
68 Ventures Bowl
20%
SERVPRO First Responder Bowl
19%
Guaranteed Rate Bowl
17%
Camellia Bowl
11%
No matching quizzes found
Score Distribution
Percent of People with Each Score
Percentile by Number Answered
Your Score History
You have not taken this quiz